000 00435nam a2200181Ia 4500
008 240510s9999 xx 000 0 und d
020 _a0000875241506
041 _aEng
082 _a005.115
082 _bT86
245 0 _aTURBO PROLOG : THE NATURAL LANGUAGE OF ARTIFICIAL INTELLIGENCE
260 _bU.S.A. : BORLAND INTERNATIONAL
260 _c1986
300 _a221 p.
650 _aPROLOG
942 _2ddc
942 _cLBK
999 _c26185
_d26185
945 _a1
_bMadushi Gamage
_c1
_dMadushi Gamage